| 000 | 00741nam a22002177a 4500 | ||
|---|---|---|---|
| 999 |
_c12717 _d12717 |
||
| 003 | MIRAKIL | ||
| 005 | 20190208140909.0 | ||
| 008 | 190208b tu ||||| |||| 00| 0 tur d | ||
| 020 | _a9786053994763 | ||
| 040 |
_aTR-AnCHP _cTR-AnCHP |
||
| 041 | _atur | ||
| 082 |
_a610.9561 _bÜ45g 2017 |
||
| 100 | _aÜlman, Yeşim Işıl | ||
| 245 | 1 | 0 |
_aGalatasaray tıbbiyesi : _btıbbiyede modernleşme başlangıcı / _cYeşim Işıl Ülman |
| 260 |
_aİstanbul: _bİstanbul Bilgi Üniversitesi Yayınları, _c2017. |
||
| 300 |
_axv, 347 s.: _c23 sm. |
||
| 490 | 0 |
_aİstanbul Bilgi Üniversitesi Yayınları ; _aAkademya ; _v589. _v14. |
|
| 504 | _aKaynakça ve dizin vardır. | ||
| 650 | 0 |
_95162 _aTıp eğitimi _xTarih _zTürkiye |
|
| 942 |
_2ddc _cBKS |
||